000 00367nam a2200145Ia 4500
008 220204s9999 xx 000 0 und d
082 _a631.3
_bCOX
100 _aCOX, S W R
245 0 _aInstrumentation in agriculture.
260 _bCrosby Lockwood
_c1972
650 _aAgricultural instrumentation
650 _aSoil water
700 _aFILBY, D E
942 _cBK
999 _c25149
_d25149